| 000 | 01152nam a2200229Ia 4500 | ||
|---|---|---|---|
| 999 |
_c54622 _d54622 |
||
| 001 | 21689 | ||
| 003 | GE_BSU | ||
| 005 | 20211214181950.0 | ||
| 008 | 181216s ||||ge |||||||||||||| ||geo|| | ||
| 040 | _cGE_BSU | ||
| 041 | _ageo | ||
| 080 | _a811.353.1(075.3) მ-74 | ||
| 100 |
_aმიქაძე, მანანა _910056 |
||
| 245 |
_aქართული ფორმაუცვლელი მეტყველების ნაწილების სწავლების საკითხები სკოლაში / _cმანანა მიქაძე ; რედ. გ. რამიშვილი. |
||
| 264 |
_aთბილისი : _bგამ-ბა "სარანგი", _c1993. |
||
| 300 |
_a216 გვ. ; _c20 სმ. |
||
| 541 | _h5 ლ. | ||
| 653 | _aქართული ენა | ||
| 653 | _aქართული ფორმაუცვლელი მეტყველების ნაწილების სწავლების საკითხები სკოლაში | ||
| 700 |
_aრამიშვილი, გ. _eრედაქტორი _913292 |
||
| 942 |
_cBK _2udc |
||